{"text_format":"2","workbook":"xlsx","n_sheets":12,"sheets":["PFS","PFS_I Equipe","PFS_II Desp Ali e Viagens","PFS_III Ser Graf","PFS_IV Desp Gerais","PFS_V_ Det_ Custos Adm_","PFS_VI Det_ Desp Fiscais","PFS_VII Det_ Enc_ Soc_Mensalist","PFS_VIII CRON. FÍSCIO-FINANC.","Veículo","Plan1","CPU"],"not_rendered":{"charts":0,"images":1,"macros":0,"external_links":3,"defined_names":85,"comments":0,"pivot_tables":0},"unopened":[],"bounds":{"document_bytes":16777216,"sheet_cells":100000,"run_cost":"one","rows_first":2000,"rows_last":500,"rows_between":2000,"halvings":0,"cell_chars":16384,"cell_head_chars":4096},"cells_cut":0,"cells_raw":0,"read":"whole","date_system":"1900"}

{"sheet":"PFS","index":0,"n_rows":45,"n_cols":15,"rows_kept":45,"cut":false,"hidden":false,"merged":[[41,0,41,14],[42,0,42,14],[43,0,43,14],[29,0,29,8],[29,9,29,14],[30,0,30,8],[31,0,31,12],[31,13,31,14],[35,0,35,14],[37,0,37,14],[32,0,32,12],[32,13,32,14],[27,0,27,12],[27,13,27,14],[28,0,28,12],[28,13,28,14],[18,13,18,14],[19,0,19,14],[20,0,20,12],[24,0,24,12],[24,13,24,14],[25,0,25,12],[25,13,25,14],[22,0,22,12],[22,13,22,14],[15,13,15,14],[14,0,14,12],[14,13,14,14],[15,0,15,12],[26,0,26,12],[26,13,26,14],[23,0,23,12],[23,13,23,14],[17,0,17,12],[17,13,17,14],[18,0,18,12],[20,13,20,14],[21,0,21,12],[21,13,21,14],[16,0,16,12],[16,13,16,14],[13,0,13,12],[13,13,13,14],[10,0,10,14],[11,0,11,12],[11,13,11,14],[4,0,5,12],[4,13,4,14],[5,13,5,14],[6,0,6,14],[12,0,12,14],[8,0,8,5],[8,6,8,13],[9,0,9,5],[9,6,9,13]]}
[{"$nulls":7},"Ministério do Desenvolvimento Regional - MDR"]
[{"$nulls":7},"Companhia de Desenvolvimento dos Vales do São Francisco e do Parnaíba"]
[]
[]
["PROPOSTA FINANCEIRA DE SERVIÇOS",{"$nulls":12},"CODIGO:"]
[{"$nulls":13},"PFS"]
["NOME DA CONSULTORA:"]
[]
["LOCALIZAÇÃO:",{"$nulls":5},"OBJETO:",{"$nulls":7},"EDITAL:"]
[{"$nulls":6},"Gestão e acompanhamento de máquinas agrícolas "]
["SERVIÇOS PAGOS A PREÇO GLOBAL"]
["CUSTOS DIRETOS",{"$nulls":12},{"$f":"N14+N17+N24","v":1566742.83}]
["MÃO-DE-OBRA"]
["A - TOTAL DE SALÁRIO DA EQUIPE",{"$nulls":12},{"$f":"SUM(N15:O16)","v":458872.24}]
["A1 - TOTAL SALÁRIOS DA EQUIPE COM VÍNCULO (PFS-I)",{"$nulls":12},{"$f":"'PFS_I Equipe'!G31","v":451596}]
["A2 - TOTAL SALÁRIO DO AUTÔNOMO (PFS-I) - Consultoria",{"$nulls":12},{"$f":"'PFS_I Equipe'!H31","v":7276.24}]
["B - TOTAL DE ENCARGOS SOCIAIS",{"$nulls":12},{"$f":"SUM(N18:O19)","v":334733.07}]
["B1 -  73,80% INCIDENTE SOBRE O ITEM  A1 ",{"$nulls":12},{"$f":"'PFS_I Equipe'!I31","v":333277.83}]
["B2 -  20,00% INCIDENTE SOBRE O ITEM  A2",{"$nulls":12},{"$f":"'PFS_I Equipe'!J31","v":1455.24}]
["OUTRAS DESPESAS"]
["C - DESPESAS COM ALIMENTAÇÕES E VIAGENS (PFS-II)",{"$nulls":12},{"$f":"'PFS_II Desp Ali e Viagens'!M26","v":294685.92}]
["D - SERVIÇOS GRÁFICOS (PFS-III)",{"$nulls":12},{"$f":"'PFS_III Ser Graf'!G31","v":0}]
["E - DESPESAS GERAIS (PFS-IV)",{"$nulls":12},{"$f":"'PFS_IV Desp Gerais'!I51","v":478451.60000000003}]
["TOTAL DE OUTRAS DESPESAS",{"$nulls":12},{"$f":"SUM(N21:O23)","v":773137.52}]
["CUSTOS INDIRETOS",{"$nulls":12},{"$f":"SUM(N26:O28)","v":451579.81799999997}]
["F -  CUSTO DE ADMINISTRAÇÃO - (20,00% DO ITEM A) (PFS-VI)",{"$nulls":12},{"$f":"'PFS_V_ Det_ Custos Adm_'!G38","v":91774.448000000004}]
["G - REMUNERAÇÃO DA EMPRESA (LUCRO) - (8,00% DOS ITENS A+B+C+D+E+F)",{"$nulls":12},{"$f":"ROUND(0.08*(N14+N17+N21+N22+N23+N26),2)","v":132681.38}]
["H - DESPESAS FISCAIS - (12,68% = DF' DOS ITENS A+B+C+D+E+F+G) (PFS-VII)",{"$nulls":12},{"$f":"ROUND(0.1268*(PFS!N14+PFS!N17+PFS!N21+PFS!N22+PFS!N23+PFS!N26+PFS!N27),2)","v":227123.99}]
["TOTAL DA PROPOSTA",{"$nulls":12},{"$f":"N25+N12","v":2018322.648}]
["NOME DO INFORMANTE:",{"$nulls":8},"QUALIFICAÇÃO:"]
[]
["ASSINATURA:",{"$nulls":12},"DATA:"]
[]
["OBSERVAÇÃO:"]
["ESTE ORÇAMENTO FOI CALCULADO COM OS SEGUINTES % MÁXIMOS DE ENCARGOS SOCIAIS E CUSTOS INDIRETOS: "]
["1. ENCARGOS SOCIAIS DE AUTÔNOMOS = 20% SOBRE O SALÁRIO MENSAL"]
["2. ENCARGOS SOCIAIS DA EQUIPE COM VÍNCULO = 73,80% SOBRE O SALÁRIO MENSAL"]
["3. CUSTO DE ADMINISTRAÇÃO = 20,00% SOBRE O TOTAL DE SALÁRIOS DA EQUIPE (A1 + A2)"]
["4. REMUNERAÇÃO DA EMPRESA (LUCRO) = 8,00% SOBRE OS ITENS DE CUSTOS DIRETOS + CUSTO DE ADMINISTRAÇÃO"]
["5. DF = A SOMA DOS TRIBUTOS (EX: ISS 2,00 + PIS 1,65 + COFINS 7,60 = 11,25%)"]
["6. DF' = UTILIZADO NA LINHA \"H\" SERÁ CALCULADO APLICANDO A SEGUINTE FÓRMULA:"]
["    DF' = { [ 1 / ( 1 - DF) ] - 1 } x 100"]
["    DF' = { [ 1 / ( 1 - 0,1125 ) ] - 1 } x 100"]
["    DF' = 0,1268  ou  12,68%"]
["7. NÃO foram incluídos os tributos IRPJ e CSLL, em cumprimento ao Acórdão nº 325/2007 – TCU – Plenário."]

{"sheet":"PFS_I Equipe","index":1,"n_rows":40,"n_cols":17,"rows_kept":40,"cut":false,"hidden":false,"merged":[[10,0,12,0],[4,0,5,9],[6,0,6,9],[8,4,8,9],[9,4,9,9],[10,1,12,1]]}
[null,{"$f":"PFS!H1","v":"Ministério do Desenvolvimento Regional - MDR"}]
[null,"Companhia de Desenvolvimento dos Vales do São Francisco e do Parnaíba"]
[]
[]
["SALÁRIOS E ENCARGOS DA EQUIPE",{"$nulls":9},"CODIGO:"]
[{"$nulls":10},"PFS-I"]
["NOME DA CONSULTORA:"]
[]
[{"$f":"PFS!A9","v":"LOCALIZAÇÃO:"},null,null,null,"OBJETO:",{"$nulls":5},"EDITAL:"]
[{"$nulls":4},{"$f":"PFS!G10","v":"Gestão e acompanhamento de máquinas agrícolas "}]
["CATEGORIA FUNCIONAL","CATEGORIA","TOTAL DE","TOTAL DE","SALÁRIO","SALÁRIO","TOTAL CUSTO","TOTAL CUSTO","TOTAL CUSTO","TOTAL CUSTO","TAXA DE"]
[null,null,"HORAS ","HOMENS X MÊS","MENSAL  (R$)","HORA  (R$)","SALÁRIOS DE "," SALÁRIOS DE  ","E. SOCIAIS DE ","E. SOCIAIS DE ","ENCARGOS SOCIAIS"]
[{"$nulls":6},"B1","B2","B1","B2","%"]
["Coordenador","P1",null,null,14401.28,null,{"$f":"ROUND(E14*D14,2)","v":0},"-",{"$f":"ROUND((G14*K14),2)","v":0},"-",0.75319999999999998]
["Engenheiro Ambiental, Agronômo e Florestal. Deverão ter especialização em Seguranaça do Trabalho","P3",null,null,8882.82,null,{"$f":"ROUND(E15*D15,2)","v":0},"-",{"$f":"ROUND((G15*K15),2)","v":0},"-",0.75319999999999998,5287,{"$f":"D15/12","v":0},null,null,{"$f":"ROUND(L15/E15,2)","v":0.6},{"$f":"1-P15","v":0.4}]
["Engenheiro Civil - Engº de Campo ","P3",null,null,{"$f":"E15","v":8882.82},null,{"$f":"ROUND(E16*D16,2)","v":0},"-",{"$f":"ROUND((G16*K16),2)","v":0},"-",0.75319999999999998,1600,{"$f":"D16/12","v":0},{"$f":"17*22+10","v":384},null,{"$f":"ROUND(L16/E16,2)","v":0.18},{"$f":"1-P16","v":0.82000000000000006}]
["Ajudante  Administrativo","A2",null,null,4111.3599999999997,null,{"$f":"ROUND(E17*D17,2)","v":0},"-",{"$f":"ROUND((G17*K17),2)","v":0},"-",0.75319999999999998]
["Auxiliar Administrativo","A3",null,null,2891.68,null,{"$f":"ROUND(E18*D18,2)","v":0},"-",{"$f":"ROUND((G18*K18),2)","v":0},"-",0.75319999999999998]
["Administrativo Júnior ","P8173",null,12,3049.72,null,{"$f":"TRUNC(E19*D19,2)","v":36596.639999999999},{"$f":"TRUNC((F19*C19),2)","v":0},{"$f":"TRUNC((G19*K19),2)","v":27008.32},{"$f":"TRUNC((H19*K19),2)","v":0},{"$f":"'PFS_VII Det_ Enc_ Soc_Mensalist'!F47","v":0.73799999999999999}]
["Agrônomo ou Eng. Agrícola - Gestão e acompanhamento pleno  - 3 anos mínimo de experiência ","P8055",null,12,11980.97,null,{"$f":"TRUNC(E20*D20,2)","v":143771.64000000001},0,{"$f":"TRUNC((G20*K20),2)","v":106103.47},0,{"$f":"K19","v":0.73799999999999999}]
["Economista Doméstico(a) ou Sociologo ou Assistente Social ou Pedagogo(a) pleno - 5 anos mínimo de experiência ","P8020",null,12,3568.1,null,{"$f":"TRUNC(E21*D21,2)","v":42817.2},0,{"$f":"TRUNC((G21*K21),2)","v":31599.09},0,{"$f":"K20","v":0.73799999999999999}]
["Técnico Agrícola para vistorias, estruturação, gestão e treinamentos junto às associações - 3 anos mínimo de experiência ","P8147",null,24,3069.63,null,{"$f":"TRUNC(E22*D22,2)","v":73671.12},0,{"$f":"TRUNC((G22*K22),2)","v":54369.279999999999},0,{"$f":"K21","v":0.73799999999999999}]
["Engenheiro para treinamento de manutenção e operação de máquinas agrícolas - Agrônomo ou Eng. Agrícola - 5 anos de mínimo de experiência ","P8056",null,12,12894.95,73.03,{"$f":"TRUNC(E23*D23,2)","v":154739.4},0,{"$f":"TRUNC((G23*K23),2)","v":114197.67},0,{"$f":"K22","v":0.73799999999999999}]
["Servente com encargos complementares","SINAP 88316",{"$f":"(16*5)+(4*5*5)+(4+5*3)","v":199},null,null,19.760000000000002,null,3932.24,null,786.44,0.2]
["Tratorista com encargos complementares","SINAP 88324",{"$f":"(8*5)+(4*5*2)+(5*3*1)","v":95},null,null,35.200000000000003,null,3344,null,668.8,0.2]
[]
[]
[]
[]
[]
["TOTAIS",{"$nulls":5},{"$f":"ROUND((SUM(G14:G30)),2)","v":451596},{"$f":"SUM(H14:H30)","v":7276.24},{"$f":"ROUND((SUM(I14:I30)),2)","v":333277.83},{"$f":"SUM(J14:J30)","v":1455.24}]
["NOME DO INFORMANTE:",{"$nulls":7},"QUALIFICAÇÃO:"]
[]
["ASSINATURA:",{"$nulls":8},"DATA:"]
[]
["LEGENDA:"]
["B1 - SALÁRIOS DA EQUIPE EM DIAS ÚTEIS"]
["B2- SALÁRIO DO PESSOAL AUTÔNOMO (CONSULTORES)"]
["OBSERVAÇÃO:"]
["DETALHAR OS ENCARGOS SOCIAIS NO FOR PFS-VIII"]

{"sheet":"PFS_II Desp Ali e Viagens","index":2,"n_rows":29,"n_cols":15,"rows_kept":29,"cut":false,"hidden":false,"merged":[[5,0,6,12],[5,13,5,14],[6,13,6,14],[7,0,7,14],[9,3,9,12],[12,6,12,8],[28,0,28,14],[12,9,12,11],[12,12,12,14],[24,0,24,1],[24,2,24,5],[25,12,25,14],[27,1,27,12],[11,1,13,1],[24,9,24,11],[11,9,11,14],[24,12,24,14],[25,0,25,11],[24,6,24,8],[11,2,11,8],[12,2,12,5]]}
[]
[{"$nulls":5},{"$f":"'PFS_I Equipe'!B1","v":"Ministério do Desenvolvimento Regional - MDR"}]
[{"$nulls":5},"Companhia de Desenvolvimento dos Vales do São Francisco e do Parnaíba"]
[]
[]
["DESPESAS COM ALIMENTAÇÕES E DIÁRIAS PARA VIAGENS",{"$nulls":12},"CODIGO:"]
[{"$nulls":13},"PFS-II"]
["NOME DA CONSULTORA:"]
[]
[{"$f":"PFS!A9","v":"LOCALIZAÇÃO:"},null,null,"OBJETO:",{"$nulls":9},"EDITAL:"]
[{"$f":"PFS!A10","v":0},null,null,{"$f":"PFS!G10","v":"Gestão e acompanhamento de máquinas agrícolas "}]
[null,"CATEGORIA","AUXÍLIO ALIMENTAÇÃO ",{"$nulls":6},"DIÁRIAS"]
["EQUIPE",null,"NÍVEL SUPERIOR",null,null,null,"CONSULTOR",null,null,"NÍVEL SUPERIOR",null,null,"NÍVEL TÉC/AUX/APOIO"]
[null,null,"QUANT.","CUSTO/MÊS (R$)","DESCONTO DE 20% (R$)","TOTAL (R$)","QUANT.","CUSTO ALIMENTAÇÃO (R$)","TOTAL (R$)","QUANT.","CUSTO DIÁRIA (R$)","TOTAL (R$)","QUANT.","CUSTO DIÁRIA (R$)","TOTAL (R$)"]
[{"$f":"'PFS_I Equipe'!A19","v":"Administrativo Júnior "},"Qualquer",{"$f":"'PFS_I Equipe'!D19","v":12},677.01,{"$f":"TRUNC((D15*0.2),2)","v":135.4},{"$f":"TRUNC((C15*(D15-E15)),2)","v":6499.32}]
[{"$f":"'PFS_I Equipe'!A20","v":"Agrônomo ou Eng. Agrícola - Gestão e acompanhamento pleno  - 3 anos mínimo de experiência "},"Qualquer",{"$f":"'PFS_I Equipe'!D20","v":12},{"$f":"D15","v":677.01},{"$f":"TRUNC((D16*0.2),2)","v":135.4},{"$f":"TRUNC((C16*(D16-E16)),2)","v":6499.32},null,null,null,{"$f":"C16*15","v":180},284.10000000000002,{"$f":"TRUNC((K16*J16),2)","v":51138},null,null,{"$f":"TRUNC((N16*M16),2)","v":0}]
[{"$f":"'PFS_I Equipe'!A21","v":"Economista Doméstico(a) ou Sociologo ou Assistente Social ou Pedagogo(a) pleno - 5 anos mínimo de experiência "},"Qualquer",{"$f":"'PFS_I Equipe'!D21","v":12},{"$f":"D16","v":677.01},{"$f":"TRUNC((D17*0.2),2)","v":135.4},{"$f":"TRUNC((C17*(D17-E17)),2)","v":6499.32},null,null,{"$f":"TRUNC((H17*G17),2)","v":0},{"$f":"C17*15","v":180},{"$f":"K16","v":284.10000000000002},{"$f":"TRUNC((K17*J17),2)","v":51138},null,null,{"$f":"TRUNC((N17*M17),2)","v":0}]
[{"$f":"'PFS_I Equipe'!A22","v":"Técnico Agrícola para vistorias, estruturação, gestão e treinamentos junto às associações - 3 anos mínimo de experiência "},"Qualquer",{"$f":"'PFS_I Equipe'!D22","v":24},{"$f":"D15","v":677.01},{"$f":"TRUNC((D18*0.2),2)","v":135.4},{"$f":"TRUNC((C18*(D18-E18)),2)","v":12998.64},{"$nulls":4},{"$f":"K17","v":284.10000000000002},{"$f":"TRUNC((K18*J18),2)","v":0},{"$f":"C18*15","v":360},284.10000000000002,{"$f":"TRUNC((N18*M18),2)","v":102276}]
[{"$f":"'PFS_I Equipe'!A23","v":"Engenheiro para treinamento de manutenção e operação de máquinas agrícolas - Agrônomo ou Eng. Agrícola - 5 anos de mínimo de experiência "},"Qualquer",{"$f":"'PFS_I Equipe'!D23","v":12},{"$f":"D16","v":677.01},{"$f":"TRUNC((D19*0.2),2)","v":135.4},{"$f":"TRUNC((C19*(D19-E19)),2)","v":6499.32},{"$f":"'PFS_I Equipe'!C23/8","v":0},140,{"$f":"TRUNC((H19*G19),2)","v":0},{"$f":"C19*15","v":180},{"$f":"K18","v":284.10000000000002},{"$f":"TRUNC((K19*J19),2)","v":51138},null,null,{"$f":"TRUNC((N19*M19),2)","v":0}]
[{"$nulls":14},{"$f":"ROUND(N20*M20,2)","v":0}]
[{"$nulls":14},{"$f":"ROUND(N21*M21,2)","v":0}]
[{"$nulls":14},{"$f":"ROUND(N22*M22,2)","v":0}]
[{"$nulls":14},{"$f":"ROUND(N23*M23,2)","v":0}]
[]
["TOTAIS COM ALIMENTAÇÃO/DIÁRIAS",null,{"$f":"SUM(F15:F24)","v":38995.919999999998},null,null,null,{"$f":"SUM(I15:I24)","v":0},null,null,{"$f":"SUM(L15:L24)","v":153414},null,null,{"$f":"SUM(O15:O24)","v":102276}]
["TOTAL GERAL COM ALIMENTAÇÃO/ DIÁRIAS",{"$nulls":11},{"$f":"C25+G25+J25+M25","v":294685.92}]
["NOME DO INFORMANTE:",{"$nulls":6},"QUALIFICAÇÃO:"]
["ASSINATURA:",{"$nulls":12},"DATA:"]
["OBSERVAÇÃO:"]

{"sheet":"PFS_III Ser Graf","index":3,"n_rows":37,"n_cols":7,"rows_kept":37,"cut":false,"hidden":false,"merged":[[3,0,4,5],[5,0,5,6],[7,2,7,5],[9,0,10,2],[9,5,9,6],[39,0,39,6],[30,0,30,5],[29,0,29,5],[11,0,11,2],[8,2,8,5],[33,0,33,4],[35,0,35,6],[28,0,28,5],[12,0,12,2],[17,0,17,2],[18,0,18,2]]}
[null,null,{"$f":"'PFS_II Desp Ali e Viagens'!F2","v":"Ministério do Desenvolvimento Regional - MDR"}]
[null,null,"Companhia de Desenvolvimento dos Vales do São Francisco e do Parnaíba"]
[]
["SERVIÇOS GRÁFICOS",{"$nulls":5},"CODIGO:"]
[{"$nulls":6},"PFS-III"]
["NOME DA CONSULTORA:"]
[]
[{"$f":"PFS!A9","v":"LOCALIZAÇÃO:"},null,"OBJETO:",null,null,null,"EDITAL:"]
[null,null,{"$f":"PFS!G10","v":"Gestão e acompanhamento de máquinas agrícolas "}]
["DISCRIMINAÇÃO",null,null,"EXEMPLARES/","Nº DE","CUSTOS (R$)"]
[null,null,null,"ITENS","VIAS","UNITÁRIO","TOTAL"]
{"$rows_empty":17}
["SUBTOTAL",{"$nulls":5},{"$f":"SUM(G12:G28)","v":0}]
[{"$nulls":6},0]
["TOTAL  DE SERVIÇOS GRÁFICOS",{"$nulls":5},{"$f":"G29+G30","v":0}]
["NOME DO INFORMANTE:",null,null,"QUALIFICAÇÃO:"]
[]
["ASSINTATURA:",{"$nulls":4},"DATA:"]
[]
["OBSERVAÇÃO:"]
["1 - CORREPONDEM AOS SERVIÇOS COM IMPRESSÃO DOS  RELATÓRIOS. "]

{"sheet":"PFS_IV Desp Gerais","index":4,"n_rows":54,"n_cols":9,"rows_kept":54,"cut":false,"hidden":false,"merged":[[44,1,44,4],[45,1,45,4],[40,1,40,4],[41,1,41,4],[42,1,42,4],[35,1,35,4],[36,1,36,4],[23,1,23,4],[26,1,26,4],[43,1,43,4],[39,1,39,4],[57,1,57,8],[50,1,50,7],[53,1,53,6],[15,1,15,4],[16,1,16,4],[37,1,37,4],[17,1,17,4],[56,1,56,8],[18,1,18,4],[21,1,21,4],[22,1,22,4],[29,1,29,4],[30,1,30,4],[33,1,33,4],[34,1,34,4],[12,1,12,4],[46,1,46,4],[13,1,13,4],[47,1,47,4],[49,1,49,4],[48,1,48,4],[14,1,14,4],[19,1,19,4],[20,1,20,4],[31,1,31,4],[32,1,32,4],[27,1,27,4],[28,1,28,4],[24,1,24,4],[25,1,25,4],[38,1,38,4],[3,0,4,7],[8,3,8,7],[9,0,10,0],[9,1,10,4],[9,5,10,5],[9,6,10,6],[9,7,9,8]]}
[null,null,null,{"$f":"'PFS_III Ser Graf'!C1","v":"Ministério do Desenvolvimento Regional - MDR"}]
[null,null,null,"Companhia de Desenvolvimento dos Vales do São Francisco e do Parnaíba"]
[]
["DESPESAS GERAIS ",{"$nulls":7},"CODIGO:"]
[{"$nulls":8},"PFS-IV"]
["NOME DA CONSULTORA:"]
[]
[{"$f":"PFS!A9","v":"LOCALIZAÇÃO:"},null,null,"OBJETO:",{"$nulls":4},"EDITAL:"]
[{"$f":"PFS!A10","v":0},null,null,{"$f":"PFS!G10","v":"Gestão e acompanhamento de máquinas agrícolas "}]
["ITEM","DISCRIMINAÇÃO",null,null,null,"UNID.","QUANT.","CUSTOS (R$)"]
[{"$nulls":7},"UNITÁRIO","TOTAL"]
[1,"VEÍCULOS"]
["1.1","Carro de caminhonete simples ou passeio com ar condicionado, direção hidráulica ou elétrica e motor igual ou superior 1.3 para visitas (combustível, pedágios, lubrificação, seguro e manutenção) - para horas eventuais a partir de Montes Claros",null,null,null,"km",{"$f":"'PFS_I Equipe'!C23/8*250","v":0},{"$f":"Veículo!B39","v":1.2677457142857145},{"$f":"TRUNC(H13*G13,2)","v":0}]
["1.2","Carro de caminhonete simples ou passeio com ar condicionado, direção hidráulica ou elétrica e motor igual ou superior 1.3 para visitas (combustível, pedágios, lubrificação, seguro e manutenção) - profissional mês",null,null,null,"mês",{"$f":"'PFS_I Equipe'!D20+'PFS_I Equipe'!D21+'PFS_I Equipe'!D22","v":48},{"$f":"Veículo!B38","v":4437.1100000000006},{"$f":"TRUNC(H14*G14,2)","v":212981.28}]
[2,"MATERIAL DIVERSO - IMPLANTAÇÃO DE UNIDADES DEMONSTRATIVAS"]
["2.1","Gesso agrícola ",null,null,null,"T",27,137,{"$f":"TRUNC(H16*G16,2)","v":3699}]
["2.2","Cálcario dolomítico agrícola  ",null,null,null,"T",27,100,{"$f":"TRUNC(H17*G17,2)","v":2700}]
["2.5","Análise de solo (fertilidade+textura)",null,null,null,"UNID.",10,40,{"$f":"TRUNC(H18*G18,2)","v":400}]
["2.6","Semente de milho VIP3 ou PRO 3",null,null,null,"UNID.",5,803,{"$f":"TRUNC(H19*G19,2)","v":4015}]
["2.7","Semente de Sorgo boliviano",null,null,null,"UNID.",5,770,3850]
["2.8","Semente de Sorgo silagem ",null,null,null,"UNID.",5,250,1250]
["2.9","Glifosato",null,null,null,"L",20,{"$f":"550/20","v":27.5},550]
["2.10","Fertilizante para plantio (08-28-16, 04-30-16 ou similar)",null,null,null,"UNID.",50,168,8400]
["2.11","Fertilizante para cobertura (sulfato de amônio 20% de nitrogênio) saco de 50 kg",null,null,null,"UNID.",15,140,2100]
["2.12","Fertilizante para cobertura (ureia 46% de nitrogênio) saco de 50kg",null,null,null,"UNID.",25,178,4450]
["2.13","Fertilizante para cobertura (20-00-20) saco de 50kg",null,null,null,"UNID.",35,142.9,5001.5]
["2.14","Semente de brachiária ruzuzuensis ",null,null,null,"UNID.",8,130,1040]
["2.15","Semente de Capim-andropogon",null,null,null,"UNID.",25,68,{"$f":"TRUNC(H28*G28,2)","v":1700}]
["2.16","Inceticida Metomol",null,null,null,"L",3,45,135]
["2.17","Inceticida Clorpirifós",null,null,null,"L",3,55,165]
["2.18","Inceticida Fipronil (frasco 100mL)",null,null,null,"UNID.",6,190,1140]
["2.19","Semente de Capim-andropogon",null,null,null,"UNID.",25,68,1700]
["2.20","Conjunto Agrotóxico/Herbicida Hidrorepelente para Aplicação de Defensivos Agrícolas Plastcor CA 44029 (Calça + Jaqueta + Avental + Capuz + Viseira) + máscara",null,null,null,"UNID.",3,170,510]
["2.21","Transporte de gesso da industria ás propriendades com descarga fracionada por proriedade, incluso tranporte em rodovia pavimentada e leito natural.",null,null,null,"UNID.",1,7841.8,7841.8]
["2.22","Transporte de calcário da industria ás propriendades com descarga fracionada por proriedade, incluso tranporte em rodovia pavimentada e leito natural. ",null,null,null,"UNID.",1,6511.7,6511.7]
["2.23","SICRO 5914581_ Transporte com caminhão carroceria com capacidade de 9 t e com guindauto de 10 t.m - rodovia em leito natural",null,null,null,"TxKM",{"$f":"(3)*50*5*5","v":3750},2.39,8962.5]
["2.24","SICRO 5914583_Transporte com caminhão carroceria com capacidade de 9 t e com guindauto de 10 t.m - rodovia pavimentada",null,null,null,"TxKM",{"$f":"(3)*100*5*5","v":7500},1.56,11700]
["2.25","Transporte com caminhão carroceria de 5 t - rodovia em leito natural",null,null,null,"TxKM",{"$f":"(SUM((G23:G26))/1000)*50*100","v":625},0.72,450]
["2.26","Transporte com caminhão carroceria de 5 t - rodovia em leito natural",null,null,null,"TxKM",{"$f":"(((SUM(G23:G26))*50)/1000)*50","v":312.5},1.8,562.5]
["2.27","Hora máquina de trator agrícola com implemento - (4 horas/dia x 5 dias x 20 associações) SICRO (E9518 + E9577)",null,null,null,"Hora produtiva",{"$f":"(5*5*20)+(5*5*8)","v":700},{"$f":"4.78+125.04","v":129.82},90874]
["2.28","Trena de 30 metros",null,null,null,"UNID.",20,23.78,475.6]
["2.29","Mangueira para nível 5/16\" x 1,0 mm, cor cristal (SINAPI 37456)",null,null,null,"Metro",{"$f":"G41*35","v":700},2.0099999999999998,1407]
["2.30","Sarrafo 2,5 X 10 cm em pinus (SINAPI 4509)",null,null,null,"Metro",{"$f":"G41*6","v":120},4.41,529.20000000000005]
[3,"MATERIAL DIVERSO - EVENTOS"]
["3.1","ALIMENTAÇÃO (SINAPI 37370)",null,null,null,"LANCHE",{"$f":"20*200","v":4000},{"$f":"4*1.69","v":6.76},{"$f":"G45*H45","v":27040}]
["3.2","CANETA PERSONALIZADA P/ EVENTO",null,null,null,"CANETA",{"$f":"20*200","v":4000},{"$f":"ROUND((1.19+1.19+1.2)/3,2)","v":1.19},{"$f":"G46*H46","v":4760}]
[3,"ALUGUEL E EQUIPAMENTOS"]
["2.1","Aluguel de sala (homemxm²xR$/m² = 6 x 7m² x R$ 46,53/m² - NBR 5665)",null,null,null,"mês",{"$f":"'PFS_I Equipe'!D19","v":12},{"$f":"6*7*46.53","v":1954.26},{"$f":"TRUNC(H48*G48,2)","v":23451.119999999999}]
["2.2","Custos diversos de escritório ",null,null,null,"hxmês",{"$f":"G50","v":60},129,{"$f":"TRUNC(H49*G49,2)","v":7740}]
["2.3","Mobiliário completo, insumos, telefone, limpeza, computador e etc. ",null,null,null,"hxmês",{"$f":"'PFS_I Equipe'!D19+'PFS_I Equipe'!D20+'PFS_I Equipe'!D21+'PFS_I Equipe'!D22","v":60},505.99,{"$f":"TRUNC(H50*G50,2)","v":30359.4}]
[null,"TOTAL  DE DESPESAS GERAIS",{"$nulls":6},{"$f":"SUM(I13:I50)","v":478451.60000000003}]
[null,"NOME DO INFORMANTE:",{"$nulls":4},"QUALIFICAÇÃO:"]
[]
[null,"ASSINATURA:",{"$nulls":5},"DATA:"]

{"sheet":"PFS_V_ Det_ Custos Adm_","index":5,"n_rows":42,"n_cols":7,"rows_kept":42,"cut":false,"hidden":false,"merged":[[42,0,42,6],[43,0,43,6],[44,0,44,6],[11,1,11,4],[12,1,12,4],[37,1,37,4],[3,0,4,5],[5,0,5,6],[9,0,10,4],[9,5,9,6],[41,0,41,6],[8,2,8,5]]}
[null,null,{"$f":"PFS!H1","v":"Ministério do Desenvolvimento Regional - MDR"}]
[null,null,"Companhia de Desenvolvimento dos Vales do São Francisco e do Parnaíba"]
[]
["DETALHAMENTO DO CUSTO DE ADMINISTRAÇÃO",{"$nulls":5},"CODIGO:"]
[{"$nulls":6},"PFS-V"]
["NOME DA CONSULTORA:"]
[]
[{"$f":"PFS!A9","v":"LOCALIZAÇÃO:"},null,"OBJETO:",null,null,null,"EDITAL:"]
[{"$f":"PFS!A10","v":0},null,{"$f":"PFS!G10","v":"Gestão e acompanhamento de máquinas agrícolas "}]
["DISCRIMINAÇÃO",{"$nulls":4},"VALORES"]
[{"$nulls":5},"%","R$"]
[1,"Custos da equipe da administração central da empresa consultora ( diretoria, pessoal técnico de apoio e pessoal administrativo não diretamente vinculado à prestação dos serviços)",null,null,null,0.2,{"$f":"F12*PFS!$N$14","v":91774.448000000004}]
{"$rows_empty":25}
[null,"TOTAIS DO CUSTO DE ADMINISTRAÇÃO",null,null,null,{"$f":"SUM(F12:F37)","v":0.2},{"$f":"SUM(G12:G37)","v":91774.448000000004}]
[]
["NOME DO INFORMANTE:",null,null,"QUALIFICAÇÃO:"]
["ASSINATURA:",{"$nulls":4},"DATA:"]
["OBSERVAÇAO:"]

{"sheet":"PFS_VI Det_ Desp Fiscais","index":6,"n_rows":50,"n_cols":8,"rows_kept":50,"cut":false,"hidden":false,"merged":[[25,0,25,4],[26,0,26,4],[37,0,37,4],[38,0,38,4],[27,0,27,4],[28,0,28,4],[29,0,29,4],[30,0,30,4],[31,0,31,4],[32,0,32,4],[45,0,45,7],[50,0,50,7],[33,0,33,4],[34,0,34,4],[35,0,35,4],[36,0,36,4],[39,0,39,4],[44,0,44,7],[15,0,15,4],[24,0,24,4],[13,0,13,4],[14,0,14,4],[12,0,12,4],[3,0,4,6],[5,0,5,7],[9,0,10,4],[9,5,9,7],[11,0,11,4],[8,2,8,6]]}
[null,null,{"$f":"'PFS_V_ Det_ Custos Adm_'!C1","v":"Ministério do Desenvolvimento Regional - MDR"}]
[null,null,"Companhia de Desenvolvimento dos Vales do São Francisco e do Parnaíba"]
[]
["DETALHAMENTO DE DESPESAS FISCAIS",{"$nulls":6},"CODIGO:"]
[{"$nulls":7},"PFS-VI"]
["NOME DA CONSULTORA:"]
[]
[{"$f":"PFS!A9","v":"LOCALIZAÇÃO:"},null,"OBJETO:",{"$nulls":4},"EDITAL:"]
[{"$f":"PFS!A10","v":0},null,{"$f":"PFS!G10","v":"Gestão e acompanhamento de máquinas agrícolas "}]
["DISCRIMINAÇÃO",{"$nulls":4},"VALORES"]
[{"$nulls":5},"DF %","DF' %","R$"]
[]
["1 - ISS",{"$nulls":4},2,{"$f":"(1/(1-$F$40/100))*F13","v":2.2535211267605635},{"$f":"F13/($F$13+$F$14+$F$15)*$H$40","v":40377.598222222223}]
["2 - PIS",{"$nulls":4},1.65,{"$f":"(1/(1-$F$40/100))*F14","v":1.8591549295774648},{"$f":"F14/($F$13+$F$14+$F$15)*$H$40","v":33311.518533333336}]
["3 - COFINS",{"$nulls":4},7.6,{"$f":"(1/(1-$F$40/100))*F15","v":8.5633802816901401},{"$f":"F15/($F$13+$F$14+$F$15)*$H$40","v":153434.87324444443}]
{"$rows_empty":24}
["TOTAIS DE DESPESAS FISCAIS ",{"$nulls":4},{"$f":"F13+F14+F15","v":11.25},{"$f":"G13+G14+G15","v":12.676056338028168},{"$f":"PFS!N28","v":227123.99}]
["NOME DO INFORMANTE:",null,null,"QUALIFICAÇÃO:"]
[]
["ASSINATURA:",{"$nulls":4},"DATA:"]
[]
["Observação:"]
[" As despesas fiscais (DF) incidem sobre o total da fatura e não sobre os custos incorridos. Portanto aplicar a seguinte fórmula:"]
[" DF' = { [ 1 / ( 1 - DF ) ] - 1 } x 100"]
[" ou seja, para o valor máximo de 11,25%, o valor a ser aplicado na composição dos preços será:"]
[" DF' = { [ 1 / ( 1 - 0,1125 ) ] - 1 } x 100"]
[" DF' =0,1268  ou  12,68%"]

{"sheet":"PFS_VII Det_ Enc_ Soc_Mensalist","index":7,"n_rows":50,"n_cols":7,"rows_kept":50,"cut":false,"hidden":false,"merged":[[3,0,4,5],[5,0,5,6],[9,0,10,4],[9,5,9,6],[33,1,33,4],[23,1,23,4],[31,0,31,4],[32,1,32,6],[11,1,11,4],[21,0,21,4],[8,2,8,5],[22,0,22,5],[46,0,46,4],[36,1,36,4],[34,1,34,4],[39,0,39,4],[40,0,40,6],[44,0,44,4],[37,1,37,4],[43,1,43,4],[35,1,35,4],[42,1,42,4],[38,1,38,4],[41,1,41,4]]}
[null,null,{"$f":"'PFS_VI Det_ Desp Fiscais'!C1","v":"Ministério do Desenvolvimento Regional - MDR"}]
[null,null,"Companhia de Desenvolvimento dos Vales do São Francisco e do Parnaíba"]
[]
["DETALHAMENTO DOS ENCARGOS SOCIAIS",{"$nulls":5},"CODIGO:"]
[{"$nulls":6},"PFS-VII"]
["NOME DA CONSULTORA:"]
[]
[{"$f":"PFS!A9","v":"LOCALIZAÇÃO:"},null,"OBJETO:",null,null,null,"EDITAL:"]
[null,null,{"$f":"PFS!G10","v":"Gestão e acompanhamento de máquinas agrícolas "}]
["DISCRIMINAÇÃO",{"$nulls":4},"VALORES"]
[{"$nulls":5},"%","R$"]
["A","ENCARGOS SOCIAIS BÁSICOS"]
["A1","Seconci",null,null,null,1.2E-2,{"$f":"ROUND((F13*'PFS_I Equipe'!$G$31),2)","v":5419.15}]
["A2","INSS",null,null,null,0.2,{"$f":"ROUND((F14*'PFS_I Equipe'!$G$31),2)","v":90319.2}]
["A3","FGTS",null,null,null,0.08,{"$f":"ROUND((F15*'PFS_I Equipe'!$G$31),2)","v":36127.68}]
["A4","Incra",null,null,null,2E-3,{"$f":"ROUND((F16*'PFS_I Equipe'!$G$31),2)","v":903.19}]
["A5","Salário Educação ",null,null,null,2.5000000000000001E-2,{"$f":"ROUND((F17*'PFS_I Equipe'!$G$31),2)","v":11289.9}]
["A6","Sebrae",null,null,null,6.0000000000000001E-3,{"$f":"ROUND((F18*'PFS_I Equipe'!$G$31),2)","v":2709.58}]
["A7","Seguro contra acidente",null,null,null,0.03,{"$f":"ROUND((F19*'PFS_I Equipe'!$G$31),2)","v":13547.88}]
["A8","Senai",null,null,null,0.01,{"$f":"ROUND((F20*'PFS_I Equipe'!$G$31),2)","v":4515.96}]
["A9","Sesi",null,null,null,1.4999999999999999E-2,{"$f":"ROUND((F21*'PFS_I Equipe'!$G$31),2)","v":6773.94}]
["SUBTOTAL DE \"A\"",{"$nulls":4},{"$f":"ROUND(SUM(F13:F21),4)","v":0.38},{"$f":"SUM(G13:G21)","v":171606.47999999998}]
[]
["B"," ENCARGOS SOCIAIS QUE RECEBEM INCIDÊNCIA DE \"A\""]
["B1","13º Salário",null,null,null,8.3299999999999999E-2,{"$f":"ROUND((F25*'PFS_I Equipe'!$G$31),2)","v":37617.949999999997}]
["B2","Auxílio-enfermidade",null,null,null,6.6E-3,{"$f":"ROUND((F26*'PFS_I Equipe'!$G$31),2)","v":2980.53}]
["B3","Licença Paternidade",null,null,null,5.0000000000000001E-4,{"$f":"ROUND((F27*'PFS_I Equipe'!$G$31),2)","v":225.8}]
["B4","Faltas Justificadas ",null,null,null,5.5999999999999999E-3,{"$f":"ROUND((F28*'PFS_I Equipe'!$G$31),2)","v":2528.94}]
["B5","Auxílio Acidente de Trabalho ",null,null,null,8.0000000000000004E-4,{"$f":"ROUND((F29*'PFS_I Equipe'!$G$31),2)","v":361.28}]
["B6","Férias Gozadas ",null,null,null,0.10290000000000001,{"$f":"ROUND((F30*'PFS_I Equipe'!$G$31),2)","v":46469.23}]
["B7","Salário Maternidade",null,null,null,2.9999999999999997E-4,{"$f":"ROUND((F31*'PFS_I Equipe'!$G$31),2)","v":135.47999999999999}]
["SUBTOTAL DE  \"B\"",{"$nulls":4},{"$f":"ROUND(SUM(F25:F31),4)","v":0.2},{"$f":"SUM(G25:G31)","v":90319.21}]
[]
["C"," ENCARGOS SOCIAIS QUE NÃO RECEBEM INCIDÊNCIA DE \"A\""]
["C1","Aviso prévio (indenizado)",null,null,null,4.4999999999999998E-2,{"$f":"ROUND((F35*'PFS_I Equipe'!$G$31),2)","v":20321.82}]
["C2","Aviso prévio (trabalhado)",null,null,null,1.1000000000000001E-3,{"$f":"ROUND((F36*'PFS_I Equipe'!$G$31),2)","v":496.76}]
["C3","Férias (indenizadas)",null,null,null,6.8999999999999999E-3,{"$f":"ROUND((F37*'PFS_I Equipe'!$G$31),2)","v":3116.01}]
["C4","Depósito Rescisão Sem Justa Causa",null,null,null,2.12E-2,{"$f":"ROUND((F38*'PFS_I Equipe'!$G$31),2)","v":9573.84}]
["C5","Indenização Adicional ",null,null,null,3.8E-3,{"$f":"ROUND((F39*'PFS_I Equipe'!$G$31),2)","v":1716.06}]
["SUBTOTAL DE \"C\"",{"$nulls":4},{"$f":"ROUND(SUM(F35:F39),4)","v":7.8E-2},{"$f":"SUM(G35:G39)","v":35224.489999999991}]
[]
["D"," REINCIDÊNCIAS"]
["D1","Reincidência de \"A\" sobre \"B\"",null,null,null,7.5999999999999998E-2,{"$f":"ROUND((F43*'PFS_I Equipe'!$G$31),2)","v":34321.300000000003}]
["D2","Reincidência de Grupo A sobre aviso prévio trabalhado e reincidência do FGTS sobre Aviso Prévio Indenizado ",null,null,null,4.0000000000000001E-3,{"$f":"ROUND((F44*'PFS_I Equipe'!$G$31),2)","v":1806.38}]
["SUBTOTAL DE \"D\"",{"$nulls":4},{"$f":"SUM(F43:F44)","v":0.08},{"$f":"SUM(G43:G44)","v":36127.68}]
[]
["TOTAIS DE ENCARGOS SOCIAIS",{"$nulls":4},{"$f":"ROUND(F22+F32+F40+F45,4)","v":0.73799999999999999},{"$f":"G22+G32+G40+G45","v":333277.86}]
["NOME DO INFORMANTE:",null,null,"QUALIFICAÇÃO:"]
["ASSINATURA:",{"$nulls":4},"DATA:"]
["Observação:"]

{"sheet":"PFS_VIII CRON. FÍSCIO-FINANC.","index":8,"n_rows":17,"n_cols":21,"rows_kept":17,"cut":false,"hidden":false,"merged":[[16,0,16,3],[12,0,13,0],[12,1,13,1],[12,2,13,2],[12,3,13,3],[14,0,15,0],[14,1,15,1],[14,2,15,2],[14,3,15,3],[5,0,5,18],[6,0,6,18],[3,0,4,17],[9,0,9,1],[10,0,11,0],[10,1,11,1],[10,2,11,2],[10,3,11,3],[7,3,7,17],[7,0,7,2],[8,0,8,2]]}
[null,null,null,{"$f":"PFS!H1","v":"Ministério do Desenvolvimento Regional - MDR"}]
[null,null,null,{"$f":"PFS!H2","v":"Companhia de Desenvolvimento dos Vales do São Francisco e do Parnaíba"}]
[]
["CRONOGRAMA FÍSICO-FINANCEIRO",{"$nulls":17},"CODIGO:"]
[{"$nulls":18},"PFS-VIII"]
["NOME DA CONSULTORA:"]
[]
[{"$f":"PFS!A9","v":"LOCALIZAÇÃO:"},null,null,"OBJETO:",{"$nulls":14},"EDITAL:"]
[{"$f":"PFS!A10","v":0},null,null,{"$f":"PFS!G10","v":"Gestão e acompanhamento de máquinas agrícolas "}]
["SERVIÇOS ",null,"QUANTIDADE"," VALOR UNITÁRIO R$ 1,00","CRONOGRAMA","MÊS 1","MÊS 2","MÊS 3","MÊS 4","MÊS 5","MÊS 6","MÊS 7","MÊS 8","MÊS 9","MÊS 10","MÊS 11","MÊS 12","TOTAL "]
[{"$nulls":17},{"$f":"SUM(F11,G11,H11,I11,J11,K11,L11,M11,N11,O11:Q11)","v":0}]
[{"$nulls":17},{"$f":"SUM(F12:Q12)","v":0}]
[{"$nulls":17},{"$f":"SUM(F13,G13,H13,I13,J13,K13,L13,M13,N13,O13:Q13)","v":0}]
[{"$nulls":17},{"$f":"SUM(F14:Q14)","v":0}]
[{"$nulls":17},{"$f":"SUM(F15,G15,H15,I15,J15,K15,L15,M15,N15,O15:Q15)","v":0}]
[{"$nulls":17},{"$f":"SUM(F16:Q16)","v":0}]
[{"$nulls":5},{"$f":"SUM(F12,F14,F16)","v":0},{"$f":"SUM(G12,G14,G16)","v":0},0,0,0,0,0,0,0,0,0,0,{"$f":"SUM(F17:Q17)","v":0},null,null,{"$f":"R17/12","v":0}]

{"sheet":"Veículo","index":9,"n_rows":39,"n_cols":2,"rows_kept":39,"cut":false,"hidden":false,"merged":[]}
["Saveiro ou Strada - caminhonete simples"]
["Depreciação mensal do equipamento"]
["Preço de Aquisição ",{"$f":"(94490+97990)/2","v":96240}]
["Tempo de vida útil em meses ",{"$f":"4*12","v":48}]
["Previsão de recuperação na venda do bem usado ",0.4]
["Custo mensal [A1-(A3xA1)]/A2",{"$f":"TRUNC(((B3-(B5*B3))/B4),2)","v":1203}]
[]
["Juros pelo capital empregado "]
["Taxa mensal de juros ",1.2500000000000001E-2]
["Juros sem depreciação ou aluguel (B1xA4)",{"$f":"TRUNC((B9*B6),2)","v":15.03}]
[]
["Conservação e manutenção "]
["Taxa de gastos sem a depreciação e incluso seguro ",1]
["Incidência mensal (C1xA4)",{"$f":"TRUNC((B13*B6),2)","v":1203}]
[]
["Combustível "]
["Média mensal de quilômetro por veículo ",3500]
["Preço da gasolina - 4222",5.29]
["Quilômetros rodados com um litro de combustível ",{"$f":"(9.4+11.5)/2","v":10.45}]
["Combustível (D1/D3)xD2",{"$f":"TRUNC(((B17/B19)*B18),2)","v":1771.77}]
[]
["Lubrificantes"]
["Quilometragem do contrato ",{"$f":"B17*12","v":42000}]
["Franquia por troca de óleo - km",5000]
["Preço do litro de óleo ",{"$f":"229.79/4","v":57.447499999999998}]
["Quantidade de litros de óleo por troca ",3.5]
["Quantidade de dias do contrato ",365]
["Lubrificantes E = E1/E2*E4*E3/E5*30",{"$f":"TRUNC((B23/B24*B26*B25/B27*30),2)","v":138.81}]
[]
["Pneus"]
["Quilometragem do contrato ",{"$f":"B23","v":42000}]
["Vida do pneu em quilômetros",45000]
["Quantidades de pneus",5]
["Preço de pneu ",314.25]
["Quantidades de dias do contrato ",365]
["Pneus = (F1xF3xF4x30)/(F2xF5)",{"$f":"TRUNC(((B31*B33*B34*30)/(B32*B35)),2)","v":120.53}]
[]
["Custo Mensal ",{"$f":"B36+B28+B20+B14+B6","v":4437.1100000000006}]
["Custo por Km rodado ",{"$f":"B38/B17","v":1.2677457142857145}]

{"sheet":"Plan1","index":10,"n_rows":15,"n_cols":3,"rows_kept":15,"cut":false,"hidden":false,"merged":[]}
["Tecnólogo em Design","R$/mês"]
["Cotação I",3777.8]
["Cotação II",3777.8]
["SENAI",5024]
["P8020",3254.07]
["média ",{"$f":"AVERAGE(B2:B5)","v":3958.4175}]
["mediana",{"$f":"MEDIAN(B2:B5)","v":3777.8}]
[]
["Técnico Montagem ","R$/associação","8 horas"]
["11 máquinas/média ",{"$f":"60*11","v":660},{"$f":"B10/8","v":82.5}]
[{"$f":"A10","v":"11 máquinas/média "},{"$f":"120*11","v":1320},{"$f":"B11/8","v":165}]
[{"$f":"A11","v":"11 máquinas/média "},{"$f":"100*11","v":1100},{"$f":"B12/8","v":137.5}]
[{"$f":"A12","v":"11 máquinas/média "},{"$f":"60*11","v":660},{"$f":"B13/8","v":82.5}]
["média ",{"$f":"AVERAGE(B10:B13)","v":935},{"$f":"AVERAGE(C10:C13)","v":116.875}]
["mediana",{"$f":"MEDIAN(B10:B13)","v":880},{"$f":"MEDIAN(C10:C13)","v":110}]

{"sheet":"CPU","index":11,"n_rows":53,"n_cols":8,"rows_kept":53,"cut":false,"hidden":false,"merged":[[49,0,49,6],[50,0,50,6],[51,0,51,6],[52,0,52,6],[39,0,39,7],[42,0,42,6],[43,0,43,7],[46,0,46,6],[47,2,47,6],[48,0,48,6],[38,0,38,6],[21,0,21,6],[22,0,22,6],[23,0,23,6],[24,0,24,6],[25,0,25,6],[27,1,27,7],[28,6,28,7],[29,0,29,5],[30,0,30,7],[34,0,34,6],[35,0,35,7],[20,2,20,6],[0,1,0,7],[1,6,1,7],[2,0,2,5],[3,0,3,7],[7,0,7,6],[8,0,8,7],[11,0,11,6],[12,0,12,7],[15,0,15,6],[16,0,16,7],[19,0,19,6]]}
["CPU 01"," COMPOSIÇÃO DE PREÇO UNITÁRIO"]
["OBRA:",{"$nulls":5},"DATA:  22/09/2023"]
["SERVIÇO : TRANSPORTE DE GESSO RODOVIA PAVIMENTADA e RODOVIA EM REVESTIMENTO PRIMÁRIO",{"$nulls":5},"UNIDADE: ","UNID"]
["EQUIPAMENTO"]
["DISCRIMINAÇÃO","UNIDADE","QUANT.","PROD","IMPROD","P.UNIT. PROD","P.UNIT. IMPR","P.TOTAL"]
["CAMINHÃO BASCULANTE 18 M3, COM CAVALO MECÂNICO DE CAPACIDADE MÁXIMA DE TRAÇÃO COMBINADO DE 45000 KG, POTÊNCIA 330 CV, INCLUSIVE SEMIREBOQUE","H",4.5,3.5,0.5,348.45,93.65,{"$f":"C6*D6*F6+C6*E6*G6","v":5698.7999999999993}]
["CAMINHÃO BASCULANTE 18 M3, COM CAVALO MECÂNICO DE CAPACIDADE MÁXIMA DE TRAÇÃO COMBINADO DE 45000 KG, POTÊNCIA 330 CV, INCLUSIVE SEMIREBOQUE","H",4,1,2,348.45,93.65,{"$f":"C7*D7*F7+C7*E7*G7","v":2143}]
["SUB-TOTAL",{"$nulls":6},{"$f":"SUM(H6:H7)","v":7841.7999999999993}]
["MATERIAL"]
["DISCRIMINAÇÃO","UNIDADE","QUANT.","COD.",null,null,"P.UNIT.","P.TOTAL"]
[{"$nulls":7},{"$f":"C11*G11","v":0}]
["SUB-TOTAL",{"$nulls":6},{"$f":"SUM(H11:H11)","v":0}]
["SERVIÇOS - COMPOSIÇÕES AUXILIARES"]
["DISCRIMINAÇÃO","UNIDADE","QUANT.",null,null,null,"P.UNIT.","P.TOTAL"]
[]
["SUB-TOTAL"]
["MÃO DE OBRA"]
["DISCRIMINAÇÃO","UNIDADE","QUANT.","COD.",null,null,"P.UNIT.","P.TOTAL"]
[{"$nulls":7},{"$f":"C19*G19","v":0}]
["SUB-TOTAL",{"$nulls":6},{"$f":"SUM(H19:H19)","v":0}]
["PRODUÇÃO DA EQUIPE",1,"CUSTO ",{"$nulls":4},{"$f":"H20+H16+H12+H8","v":7841.7999999999993}]
["TOTAL",{"$nulls":6},{"$f":"H21/B21","v":7841.7999999999993}]
["BDI                %",{"$nulls":6},1]
["TOTAL DO SERVIÇO - R$",{"$nulls":6},{"$f":"ROUND(H22*H23,2)","v":7841.8}]
["BDI                %",{"$nulls":6},1]
["TOTAL DO SERVIÇO - R$",{"$nulls":6},{"$f":"ROUND(H24*H25,2)","v":7841.8}]
[]
["CPU 02"," COMPOSIÇÃO DE PREÇO UNITÁRIO"]
["OBRA:",{"$nulls":5},"DATA:  22/09/2023"]
["SERVIÇO : TRANSPORTE DE CALCÁRIO RODOVIA PAVIMENTADA e RODOVIA EM REVESTIMENTO PRIMÁRIO",{"$nulls":5},"UNIDADE: ","UNID"]
["EQUIPAMENTO"]
["DISCRIMINAÇÃO","UNIDADE","QUANT.","PROD","IMPROD","P.UNIT. PROD","P.UNIT. IMPR","P.TOTAL"]
["CAMINHÃO BASCULANTE 18 M3, COM CAVALO MECÂNICO DE CAPACIDADE MÁXIMA DE TRAÇÃO COMBINADO DE 45000 KG, POTÊNCIA 330 CV, INCLUSIVE SEMIREBOQUE (RODOVIA PAVIMENTADA)","H",4,3,0.5,348.45,93.65,{"$f":"C33*D33*F33+C33*E33*G33","v":4368.7}]
["CAMINHÃO BASCULANTE 18 M3, COM CAVALO MECÂNICO DE CAPACIDADE MÁXIMA DE TRAÇÃO COMBINADO DE 45000 KG, POTÊNCIA 330 CV, INCLUSIVE SEMIREBOQUE (RODOVIA REVESTIMENTO PRIMÁRIO)","H",4,1,2,348.45,93.65,{"$f":"C34*D34*F34+C34*E34*G34","v":2143}]
["SUB-TOTAL",{"$nulls":6},{"$f":"SUM(H33:H34)","v":6511.7}]
["MATERIAL"]
["DISCRIMINAÇÃO","UNIDADE","QUANT.","COD.",null,null,"P.UNIT.","P.TOTAL"]
[{"$nulls":7},{"$f":"C38*G38","v":0}]
["SUB-TOTAL",{"$nulls":6},{"$f":"SUM(H38:H38)","v":0}]
["SERVIÇOS - COMPOSIÇÕES AUXILIARES"]
["DISCRIMINAÇÃO","UNIDADE","QUANT.",null,null,null,"P.UNIT.","P.TOTAL"]
[]
["SUB-TOTAL"]
["MÃO DE OBRA"]
["DISCRIMINAÇÃO","UNIDADE","QUANT.","COD.",null,null,"P.UNIT.","P.TOTAL"]
[{"$nulls":7},{"$f":"C46*G46","v":0}]
["SUB-TOTAL",{"$nulls":6},{"$f":"SUM(H46:H46)","v":0}]
["PRODUÇÃO DA EQUIPE",1,"CUSTO ",{"$nulls":4},{"$f":"H47+H43+H39+H35","v":6511.7}]
["TOTAL",{"$nulls":6},{"$f":"H48/B48","v":6511.7}]
["BDI                %",{"$nulls":6},1]
["TOTAL DO SERVIÇO - R$",{"$nulls":6},{"$f":"ROUND(H49*H50,2)","v":6511.7}]
["BDI                %",{"$nulls":6},1]
["TOTAL DO SERVIÇO - R$",{"$nulls":6},{"$f":"ROUND(H51*H52,2)","v":6511.7}]